[Event "Master Open"]
[Site "Voronezh"]
[Date "2017.06.20"]
[Round "8.47"]
[White "Vinogradov, Anatoly"]
[Black "Varshini, V"]
[Result "1-0"]
[WhiteElo "2309"]
[BlackElo "2050"]
[Annotator ""]
[Source ""]
[Remark ""]

1.d4 d5 2.c4 e6 3.Nc3 Nf6 4.cxd5 exd5 5.Bg5 Be7 6.e3 Nbd7 7.Bd3
O-O 8.Qc2 h6 9.Bf4 c5 10.Nge2 a6 11.dxc5 Nxc5 12.O-O Be6 13.Rad1
Qb6 14.Nd4 Rac8 15.Qb1 Nxd3 16.Rxd3 Bb4 17.Nce2 Ne4 18.a3 Be7
19.f3 Nc5 20.Rc3 a5 21.Rfc1 a4 22.Bg3 Nb3 23.Nxb3 axb3 24.Be5
Rc4 25.Bd4 Qb5 26.Qd3 Rfc8 27.Rd1 Qa4 28.Ng3 Rxc3 29.Bxc3 Qc4
30.Qxc4 Rxc4 31.Ne2 Bc5 32.Kf2 f5 33.Bd4 Bd6 34.Rd3 b5 35.Rxb3
b4 36.axb4 Bxb4 37.Bc3 Bf8 38.Rb8 Kf7 39.Rb7+ Kg8 40.Nf4 Bf7
41.Rb8 g5 42.Nd3 Be6 43.Bb4 Rc8 44.Rxc8 Bxc8 45.Bxf8 Kxf8 46.Nb4
Bb7 47.Nc2 Ke7 48.Nd4 Bc8 49.f4 Kd6 50.b4 Bd7 51.Ke2 Bc8 52.Kd2
g4 53.Ke2 h5 54.Kf2 h4 55.h3 g3+ 56.Ke1 Bd7 57.Kd2 Bc8 58.Kc3
Bd7 59.Kd2 Bc8 60.Kc3 Bd7 61.Kb3 Kc7 62.Kc3 Kd6 63.Nf3 d4+ 64.Kxd4
Bc6 65.Nxh4 Be4 66.b5 Ke6 67.Kc5 Ke7 68.Kb6 Kd6 69.Ka7 Kc7 70.b6+
Kc8 71.Nxf5 1-0

[Event "Master Open"]
[Site "Voronezh"]
[Date "2017.06.20"]
[Round "8.48"]
[White "Tomilova, Elena"]
[Black "Harshini, A"]
[Result "1-0"]
[WhiteElo "2303"]
[BlackElo "2000"]
[Annotator ""]
[Source ""]
[Remark ""]

1.d4 Nf6 2.Bg5 Ne4 3.Bf4 d5 4.f3 Nf6 5.Nc3 e6 6.Qd2 c5 7.Nb5
Na6 8.e3 Nh5 9.Be5 f6 10.Bg3 Nxg3 11.hxg3 Bd7 12.c3 Qa5 13.a4
c4 14.Na3 Qxa4 15.Be2 Bd6 16.f4 O-O-O 17.Nf3 Qc6 18.Kf2 Qc7 19.Qc2
g6 20.b3 Bxa3 21.Rxa3 Bb5 22.bxc4 Bxc4 23.Bxc4 Qxc4 24.Rb1 Rd7
25.Nd2 Qc7 26.c4 Rd6 27.c5 e5 28.Qd1 Re6 29.Nb3 exf4 30.gxf4
Kd7 31.Qf3 Ke7 32.Qxd5 Rd8 33.Qf3 Qd7 34.Na5 b6 35.Nc4 b5 36.Nd6
Rxd6 37.cxd6+ Qxd6 38.Qb7+ Nc7 39.Rxa7 Rd7 40.Rc1 Nd5 41.Qxd7+
Qxd7 42.Rxd7+ Kxd7 43.Rc5 Kd6 44.Rxb5 h6 45.Ra5 g5 46.g3 Nb4
47.Kf3 Ke6 48.e4 Nc2 49.f5+ Ke7 50.Ra4 h5 51.Ke2 h4 52.gxh4 gxh4
53.Kd2 Nxd4 54.Rxd4 h3 55.Ke3 1-0

[Event "Master Open"]
[Site "Voronezh"]
[Date "2017.06.20"]
[Round "8.49"]
[White "Yeritsyan, Aram"]
[Black "Mendonca, Leon Luke"]
[Result "1-0"]
[WhiteElo "2295"]
[BlackElo "2174"]
[Annotator ""]
[Source ""]
[Remark ""]

1.e4 c5 2.Nf3 d6 3.d4 cxd4 4.Nxd4 Nf6 5.f3 g6 6.c4 Bg7 7.Nc3
O-O 8.Be3 Nc6 9.Be2 Nd7 10.Nc2 Nc5 11.Qd2 a6 12.O-O Be6 13.Rab1
Nd7 14.Nd5 Rc8 15.b3 Bxd5 16.exd5 Ncb8 17.Rfd1 Nf6 18.Nd4 Nbd7
19.f4 Nc5 20.b4 Ncd7 21.Rbc1 Nb8 22.Nb3 Qd7 23.Bf3 Ng4 24.Bb6
Nf6 25.Na5 h5 26.Qe2 Qf5 27.g3 Nbd7 28.Bf2 Rc7 29.c5 dxc5 30.bxc5
Rfc8 31.c6 bxc6 32.Nxc6 Bf8 33.Qxa6 Ng4 34.Nd4 Qf6 35.Rc6 Qg7
36.Bxg4 hxg4 37.Qa5 Rxc6 38.dxc6 Nf6 39.Qa6 Rc7 40.Nb5 Ne4 41.Nxc7
Nxf2 42.Kxf2 Qb2+ 43.Kg1 e5 44.Qb5 Qc2 45.Qd3 Qc5+ 46.Kh1 Qxc6+
47.Nd5 exf4 48.gxf4 1-0

[Event "Master Open"]
[Site "Voronezh"]
[Date "2017.06.20"]
[Round "8.50"]
[White "Kharmunova, Nadezhda"]
[Black "Anchutin, Nikita"]
[Result "0-1"]
[WhiteElo "2137"]
[BlackElo "2282"]
[Annotator ""]
[Source ""]
[Remark ""]

1.e4 c5 2.Nf3 d6 3.d4 cxd4 4.Nxd4 Nf6 5.Nc3 a6 6.g3 e5 7.Nde2
Be7 8.Bg2 O-O 9.a4 b6 10.Nd5 Nxd5 11.Qxd5 Ra7 12.Be3 Be6 13.Qd2
Rb7 14.O-O Nd7 15.Nc3 Nf6 16.h3 Qc7 17.Rfd1 h6 18.Nd5 Nxd5 19.exd5
Bf5 20.c4 Qxc4 21.g4 Bg6 22.Bf1 Qe4 23.Bxa6 Qf3 24.Kh2 Be4 25.Rg1
Rc7 26.Be2 Qf6 27.Rac1 Rfc8 28.Bxb6 Rc2 29.Qe3 Bxd5 30.a5 Qe6
31.Rxc2 Rxc2 32.Rd1 Rxb2 33.Bf1 Bh4 34.Qc3 Rb3 35.Qc2 e4 36.Rxd5
Qxd5 37.Qc8+ Kh7 38.Qf5+ Qxf5 39.gxf5 Rxb6 40.axb6 Bxf2 41.b7
Ba7 42.Bc4 g6 43.f6 e3 44.Kg3 d5 45.Bb5 h5 46.Kf3 Kh6 47.Be8
d4 48.Bxf7 Kg5 49.Bc4 Kxf6 50.Ke4 Kg5 51.Kf3 Kh4 52.Be6 Kg5 53.Bc4
Bb8 54.Bf7 Kf5 55.Be8 h4 56.Bb5 Ke5 57.Bd3 g5 58.Bc4 Kd6 59.Bd3
Kc5 60.Ke4 g4 61.hxg4 h3 62.Kf3 h2 63.Kg2 Kb4 64.g5 Kc3 65.Be4
e2 66.Kf2 Kd2 0-1

[Event "Master Open"]
[Site "Voronezh"]
[Date "2017.06.20"]
[Round "8.51"]
[White "Dmitriev, Igor"]
[Black "Rakshitta, Ravi"]
[Result "1/2-1/2"]
[WhiteElo "2242"]
[BlackElo "1910"]
[Annotator ""]
[Source ""]
[Remark ""]

1.d4 Nf6 2.Nc3 d5 3.Bg5 Nbd7 4.e3 h6 5.Bh4 e6 6.a3 c5 7.Nf3 Be7
8.Bd3 c4 9.Be2 b5 10.Ne5 Qb6 11.f4 b4 12.axb4 Bxb4 13.Bxf6 gxf6
14.Nxd7 Bxd7 15.O-O Bxc3 16.bxc3 f5 17.Qc1 Qd6 18.Ra5 O-O 19.Qa1
a6 20.Bh5 Rfb8 21.Rf3 Qb6 22.Rf1 Qb2 23.Ra2 Qxa1 24.Rfxa1 Bc8
25.Ra5 Rb2 26.Bd1 Rab8 27.Kf1 R8b5 28.Ke1 Kf8 29.Kd2 Ke7 30.Bh5
Rxa5 31.Rxa5 Rb8 32.Kc1 Ra8 33.Kb2 Bd7 34.h3 Be8 35.g4 fxg4 36.hxg4
f6 37.Bxe8 Kxe8 38.Ra1 Ke7 39.Rh1 Rg8 40.Rh4 Kd6 41.Ka3 Rg6 42.Kb4
Kc6 43.Ka5 f5 44.g5 hxg5 45.fxg5 Rxg5 46.Rh6 Kd6 47.Rh2 Rg3 48.Re2
Ke7 49.Kxa6 Kf6 50.Kb5 Rg1 51.Kc5 Ra1 52.Rh2 Re1 53.Rh6+ Kf7
54.Rh3 Ra1 55.Rh2 Rb1 56.Rh6 1/2-1/2

[Event "Master Open"]
[Site "Voronezh"]
[Date "2017.06.20"]
[Round "8.53"]
[White "Cherednichenko, Dmitrij"]
[Black "Siddharth, Sabharishankar"]
[Result "1-0"]
[WhiteElo "2242"]
[BlackElo "2087"]
[Annotator ""]
[Source ""]
[Remark ""]

1.d4 d5 2.c4 e6 3.Nc3 Nf6 4.cxd5 exd5 5.Bg5 Be7 6.e3 O-O 7.Bd3
h6 8.Bh4 b6 9.Nf3 Bb7 10.O-O c5 11.Rc1 Nbd7 12.Qe2 a6 13.dxc5
bxc5 14.Rfd1 g6 15.Bc2 Qb6 16.Ba4 Bc6 17.Bxc6 Qxc6 18.Qd2 Nb6
19.Bxf6 Qxf6 20.Nxd5 Nxd5 21.Qxd5 Qxb2 22.Ne5 Rad8 23.Nd7 Rfe8
24.g3 Kg7 25.a4 Bg5 26.Qxc5 Rc8 27.Qxc8 Rxc8 28.Rxc8 Qb3 29.Rcc1
Qxa4 30.Nc5 Qa3 31.Ne4 Be7 32.Rc7 Qb3 33.Rd4 Bb4 34.Rb7 a5 35.Nd6
Kf6 36.Nxf7 Qc3 37.Nd8 g5 38.Rb6+ Ke7 39.Nc6+ Kf7 40.Nxb4 axb4
41.Rdxb4 Qc2 42.Rd4 g4 43.Rf4+ Ke7 44.Rxh6 Qd1+ 45.Kg2 Qd5+ 46.e4 1-0

[Event "Master Open"]
[Site "Voronezh"]
[Date "2017.06.20"]
[Round "8.54"]
[White "Muromtsev, Arthur"]
[Black "Protopopova, Anastasiya"]
[Result "1/2-1/2"]
[WhiteElo "2234"]
[BlackElo "2123"]
[Annotator ""]
[Source ""]
[Remark ""]

1.e4 c6 2.c4 d5 3.exd5 cxd5 4.cxd5 Nf6 5.Nc3 Nxd5 6.d4 g6 7.Bc4
Nb6 8.Bb3 Bg7 9.Nf3 O-O 10.O-O Nc6 11.d5 Na5 12.Bg5 Bg4 13.Re1
Re8 14.h3 Bxf3 15.Qxf3 Nxb3 16.axb3 Qd6 17.Rad1 h6 18.Ne4 Qb4
19.Bd2 Qb5 20.d6 Qc6 21.Rc1 Qd5 22.Rc5 Qe6 23.Bc3 Bxc3 24.Qxc3
exd6 25.Nf6+ Qxf6 26.Rxe8+ Rxe8 27.Qxf6 dxc5 28.Qc3 Rc8 29.Qa5
Rc7 30.Qxa7 Nd7 31.Qa8+ Nf8 32.Qb8 Rd7 33.Qc8 b6 34.Qb8 Rd1+
35.Kh2 Rd2 36.Qxb6 Rxb2 37.Qb5 Ne6 38.Qb8+ Kh7 39.Qg3 Kg8 40.f4
Nd4 41.Qc3 Rxb3 42.Qxc5 Ne6 43.Qc8+ Kh7 44.Qc2 Rb5 45.Qd3 Rf5
46.g3 h5 47.Qc3 Kg8 1/2-1/2

[Event "Master Open"]
[Site "Voronezh"]
[Date "2017.06.20"]
[Round "8.55"]
[White "Zherebtsova, Alexandra"]
[Black "Martynyuk, Elizaveta"]
[Result "1-0"]
[WhiteElo "2231"]
[BlackElo "2112"]
[Annotator ""]
[Source ""]
[Remark ""]

1.d4 d5 2.Nf3 Nf6 3.c4 c6 4.e3 e6 5.b3 Nbd7 6.Bd3 Bd6 7.Bb2 O-O
8.Nbd2 Qe7 9.Ne5 Ba3 10.Bxa3 Qxa3 11.O-O c5 12.cxd5 exd5 13.Qc2
cxd4 14.exd4 h6 15.Rfe1 a5 16.Qc3 Nb6 17.Qc7 Qb4 18.Ndf3 Ne8
19.Qc1 Qd6 20.Qf4 Nf6 21.Rac1 Bd7 22.Rc5 Rfc8 23.Rec1 Qe7 24.h3
Be6 25.Qe3 Rxc5 26.dxc5 Nbd7 27.Qd4 Rc8 28.c6 Nb8 29.Qa7 Qa3
30.Rc5 Nxc6 31.Nxc6 bxc6 32.Qxa5 Qxa5 33.Rxa5 c5 34.Ra7 Kh8 35.Ba6
Rd8 36.Ne5 Nd7 37.Nc6 Re8 38.b4 cxb4 39.Nxb4 Nc5 40.Bb5 Rc8 41.a4
g5 42.Kf1 Ne4 43.Bc6 Rb8 44.Rb7 Rxb7 45.Bxb7 Nc5 46.a5 1-0

[Event "Master Open"]
[Site "Voronezh"]
[Date "2017.06.20"]
[Round "8.56"]
[White "Pranav, V"]
[Black "Shkurkin, Andrey"]
[Result "1-0"]
[WhiteElo "2147"]
[BlackElo "2229"]
[Annotator ""]
[Source ""]
[Remark ""]

1.e4 g6 2.d4 Bg7 3.Nf3 c6 4.Bd3 d5 5.e5 Nh6 6.Bf4 Bg4 7.h3 Bxf3
8.Qxf3 e6 9.Nd2 Nd7 10.O-O-O Qe7 11.Nb3 O-O-O 12.g4 f6 13.Qe3
Nf7 14.exf6 Qxf6 15.g5 Qe7 16.Rhe1 Rde8 17.Be2 h5 18.Bd3 Nf8
19.h4 Nd8 20.Bh2 Qf7 21.Qg3 Re7 22.Qb8+ Kd7 23.Bd6 a6 24.Nc5+
Ke8 25.Bxe7 Qxe7 26.Bxg6+ 1-0

[Event "Master Open"]
[Site "Voronezh"]
[Date "2017.06.20"]
[Round "8.57"]
[White "Pogosian, Georgy"]
[Black "Garifullina, Leya"]
[Result "1-0"]
[WhiteElo "2211"]
[BlackElo "1883"]
[Annotator ""]
[Source ""]
[Remark ""]

1.d4 Nf6 2.Nc3 d5 3.Bf4 c6 4.e3 Bf5 5.f3 e6 6.g4 Bg6 7.h4 h5
8.g5 Nfd7 9.Bd3 Bxd3 10.Qxd3 g6 11.O-O-O Bg7 12.e4 dxe4 13.fxe4
e5 14.dxe5 Qe7 15.Nf3 O-O 16.Qd6 Re8 17.Qc7 Nc5 18.Qxe7 Rxe7
19.Rd8+ Kh7 20.e6 Nca6 21.e5 Nc5 22.Nd4 fxe6 23.b4 Ncd7 24.Ne4
Rf7 25.Nxe6 Nxe5 26.Nf6+ Bxf6 27.gxf6 Nf3 28.Nf8+ Kg8 29.Ne6+
Kh7 30.Rf1 Rxf6 31.Rxf3 Rxe6 32.Bg5 Kg7 33.Rdf8 Nd7 34.R3f7# 1-0

[Event "Master Open"]
[Site "Voronezh"]
[Date "2017.06.20"]
[Round "8.58"]
[White "Grigoryeva, Olga A."]
[Black "Krithigga, K"]
[Result "1-0"]
[WhiteElo "2204"]
[BlackElo "1836"]
[Annotator ""]
[Source ""]
[Remark ""]

1.d4 d5 2.c4 e6 3.Nc3 Nf6 4.cxd5 exd5 5.Bg5 Be7 6.e3 Nbd7 7.Bd3
O-O 8.Qc2 c6 9.Nge2 Re8 10.O-O Nf8 11.f3 g6 12.Bh4 Ne6 13.h3
c5 14.Bb5 Bd7 15.Bxd7 Qxd7 16.dxc5 Nxc5 17.Rad1 Qe6 18.Bxf6 Bxf6
19.Nxd5 Rac8 20.Nef4 Qe5 21.Nxf6+ Qxf6 22.Nd5 Qe6 23.Qc3 Rc6
24.Qd4 Qe5 25.Qxe5 Rxe5 26.b4 Na4 27.e4 Kg7 28.b5 Rc2 29.Rf2
Rc4 30.Rfd2 Rc5 31.Rd4 Nc3 32.Nxc3 Rxc3 33.a4 Rec5 34.Rd7 Rc7
35.e5 Kf8 36.Kh2 h5 37.Kg3 R3c4 38.h4 b6 39.Rxc7 Rxc7 40.Rd4
Ke7 41.Kf4 f6 42.exf6+ Kxf6 43.Rd6+ Kg7 44.Rc6 Re7 45.g4 hxg4
46.fxg4 Rd7 47.Ke5 Kf7 48.h5 gxh5 49.gxh5 Re7+ 50.Kf5 Kg7 51.h6+
Kh7 52.Rf6 Rc7 53.Ke6 Rc4 54.Rf7+ Kxh6 55.Rxa7 Kg5 56.Ra6 Re4+
57.Kd5 Kf5 58.Kc6 Ke6 59.Kxb6 Kd7 60.Ka7 Rb4 61.Kb6 Kc8 62.Ra8+
Kd7 63.a5 Rf4 64.a6 Ra4 65.Rh8 1-0

[Event "Master Open"]
[Site "Voronezh"]
[Date "2017.06.20"]
[Round "8.59"]
[White "Pshmahov, Osman"]
[Black "Smirnov, Alexander"]
[Result "1-0"]
[WhiteElo "2012"]
[BlackElo "2423"]
[Annotator ""]
[Source ""]
[Remark ""]

1.d4 e6 2.c4 b6 3.e4 Bb7 4.Nc3 Bb4 5.Bd3 f5 6.d5 Na6 7.Nge2 fxe4
8.Bxe4 Nf6 9.Bg5 O-O 10.O-O Be7 11.Bxf6 Rxf6 12.Qc2 h6 13.d6
Bxe4 14.Nxe4 Bxd6 15.Nxf6+ Qxf6 16.Ng3 Nb4 17.Qd2 Qh4 18.f4 Rf8
19.Ne2 Nc6 20.g3 Qh3 21.Nc3 Qf5 22.Kh1 h5 23.Qg2 h4 24.gxh4 Bc5
25.Ne4 Bd4 26.Rad1 Qh7 27.b4 Be3 28.Rxd7 Ne5 29.Ng5 Qf5 30.Nxe6
g6 31.Nxf8 Nxd7 32.Qxg6+ Qxg6 33.Nxg6 Kg7 34.Ne7 Kf7 35.Nf5 Bd2 1-0

[Event "Master Open"]
[Site "Voronezh"]
[Date "2017.06.20"]
[Round "8.61"]
[White "Smirnova, Ekaterina"]
[Black "Gutkovich, Polina"]
[Result "1/2-1/2"]
[WhiteElo "2216"]
[BlackElo "1904"]
[Annotator ""]
[Source ""]
[Remark ""]

1.d4 d5 2.c4 e6 3.Nc3 c6 4.e4 dxe4 5.Nxe4 Nf6 6.Nxf6+ Qxf6 7.Nf3
Bb4+ 8.Bd2 Bxd2+ 9.Qxd2 O-O 10.Bd3 c5 11.dxc5 Na6 12.Rd1 Nxc5
13.Bc2 e5 14.Qd6 Qxd6 15.Rxd6 Re8 16.O-O Bg4 17.Ng5 h6 18.Ne4
Rac8 19.f3 Be6 20.b3 b6 21.Rfd1 Nb7 22.R6d2 Red8 23.Rxd8+ Rxd8
24.Rxd8+ Nxd8 25.Nd6 Kf8 26.Nb5 a5 27.Nc3 Nc6 28.Na4 Nd4 29.Bd3
Ke7 30.Nxb6 Kd6 31.Na4 Bd7 32.c5+ Kc6 33.Kf2 Ne6 34.Ke3 Nxc5
35.Nxc5 Kxc5 36.Bc4 f6 37.a3 Bc6 38.h4 f5 39.g3 g5 40.hxg5 hxg5
41.f4 gxf4+ 1/2-1/2

[Event "Master Open"]
[Site "Voronezh"]
[Date "2017.06.20"]
[Round "8.62"]
[White "Kavyev, Ruslan"]
[Black "Ustinov, Alexey"]
[Result "1/2-1/2"]
[WhiteElo "2188"]
[BlackElo "2138"]
[Annotator ""]
[Source ""]
[Remark ""]

1.d4 d5 2.c4 c6 3.g3 Nf6 4.Bg2 e6 5.Nf3 dxc4 6.O-O b5 7.Ne5 Bb7
8.b3 cxb3 9.axb3 Be7 10.Bb2 O-O 11.Qc2 Nd5 12.Nd2 f6 13.Nd3 Nb4
14.Nxb4 Bxb4 15.Ne4 Qe7 16.Nc5 Bxc5 17.dxc5 Rd8 18.Rfd1 Na6 19.Bd4
Nb4 20.Qd2 a5 21.Qc1 e5 22.Be3 Rxd1+ 23.Qxd1 Nd5 24.Qc1 Nxe3
25.Qxe3 Qd7 26.Qc3 a4 27.bxa4 Rxa4 28.Rxa4 Qd1+ 29.Bf1 Qxa4 30.Qd2
Qd4 31.Qa2+ Kf8 32.Qa7 Qd7 33.Qb8+ Qc8 34.Qd6+ Kf7 35.Bg2 Qe6
36.Qc7+ Qe7 37.Qb6 Qd7 38.Bh3 Qe7 39.Bg2 e4 40.e3 f5 41.h4 h5
42.Kh2 Ke6 43.Bf1 Kd5 44.Qa7 Qd7 45.Be2 Bc8 46.Qa3 Qe7 47.Qb3+
Kxc5 48.Qa3+ b4 49.Qa5+ Kd6 50.Qxb4+ Kd7 51.Qd4+ Kc7 52.Qa7+
Kd8 53.Qb6+ Qc7 54.Qd4+ Qd7 55.Qb6+ Ke7 56.Bxh5 Qd6 57.Qb2 Kf8
58.Qa2 Qe6 59.Qa3+ Kg8 60.Bd1 Kh7 61.Bb3 Qf6 62.Qa2 c5 63.Qc2
Qe7 64.Qc4 Kg6 65.Qd5 Bd7 66.Bc4 Be8 1/2-1/2

[Event "Master Open"]
[Site "Voronezh"]
[Date "2017.06.20"]
[Round "8.63"]
[White "Zaika, Daniil"]
[Black "Sakorenko, Adriana"]
[Result "1-0"]
[WhiteElo "2093"]
[BlackElo "2140"]
[Annotator ""]
[Source ""]
[Remark ""]

1.d4 f5 2.c4 Nf6 3.g3 g6 4.Bg2 Bg7 5.Nf3 d6 6.O-O O-O 7.b4 c5
8.bxc5 dxc5 9.e3 Nc6 10.Bb2 Ne4 11.Nbd2 Qb6 12.Rb1 Nxd2 13.Qxd2
Qa6 14.d5 Nd8 15.Bxg7 Kxg7 16.Ne5 Nf7 17.Nd3 Qd6 18.Qc3+ Kg8
19.f3 b6 20.e4 fxe4 21.fxe4 Qc7 22.e5 Bb7 23.Rb2 Nh6 24.Nf4 Rf5
25.Re2 Rb8 26.Bh3 Rff8 27.Be6+ Kg7 28.d6 Qd8 29.Ref2 Bc8 30.Nh5+ 1-0

[Event "Master Open"]
[Site "Voronezh"]
[Date "2017.06.20"]
[Round "8.64"]
[White "Bezgodova, Svetlana"]
[Black "Kochukova, Anna"]
[Result "0-1"]
[WhiteElo "2038"]
[BlackElo "2123"]
[Annotator ""]
[Source ""]
[Remark ""]

1.Nf3 d5 2.g3 Nc6 3.d4 Bg4 4.Bg2 Qd7 5.Ne5 Nxe5 6.dxe5 c6 7.h3
Bh5 8.f4 f6 9.Qd4 e6 10.c4 Bg6 11.cxd5 exd5 12.Nc3 fxe5 13.Qxe5+
Qe7 14.Qxe7+ Bxe7 15.e4 dxe4 16.Be3 Nf6 17.O-O-O O-O 18.g4 Bb4
19.f5 Bf7 20.a3 Bxc3 21.bxc3 h6 22.Rhe1 Rfe8 23.Kb2 b6 24.Bd4
Bd5 25.Bxf6 gxf6 26.Rd4 b5 27.Re3 Re5 28.a4 a6 29.Ka3 Rae8 30.Kb4
a5+ 31.Ka3 c5 32.Rd2 b4+ 33.Kb2 Rb8 34.c4 Bxc4 35.Rxe4 Rxe4 36.Bxe4
Re8 37.Bd5+ Bxd5 38.Rxd5 Rc8 39.Kc2 Kf8 40.Rd6 Ke7 41.Re6+ Kd7
42.Rxf6 c4 43.Rxh6 b3+ 44.Kc3 Rb8 45.Kxc4 b2 46.Kd5 b1Q 47.Rh7+
Kd8 0-1

[Event "Master Open"]
[Site "Voronezh"]
[Date "2017.06.20"]
[Round "8.65"]
[White "Pogorelskikh, Sofia"]
[Black "Sarvesh, Kumar A"]
[Result "1-0"]
[WhiteElo "2050"]
[BlackElo "1905"]
[Annotator ""]
[Source ""]
[Remark ""]

1.e4 e5 2.Nf3 Nc6 3.Bb5 a6 4.Ba4 Nf6 5.O-O Be7 6.Re1 b5 7.Bb3
O-O 8.d3 d6 9.c3 Na5 10.Bc2 c5 11.Nbd2 Be6 12.Nf1 Nc6 13.Ng3
h6 14.h3 Qc7 15.Bb3 Rad8 16.Bxe6 fxe6 17.a4 c4 18.b4 d5 19.dxc4
Nxe4 20.Nxe4 dxe4 21.Nd2 bxc4 22.Qg4 Nxb4 23.cxb4 Bxb4 24.Qe2
Rd3 25.Rf1 e3 26.fxe3 Rxe3 27.Rxf8+ Kxf8 28.Qxe3 Bc5 29.Ba3 1-0

[Event "Master Open"]
[Site "Voronezh"]
[Date "2017.06.20"]
[Round "8.66"]
[White "Ioffe, Ilya"]
[Black "Hart, Alexander"]
[Result "1/2-1/2"]
[WhiteElo "2214"]
[BlackElo "1918"]
[Annotator ""]
[Source ""]
[Remark ""]

1.e4 c6 2.d4 d5 3.exd5 cxd5 4.Bd3 Nc6 5.c3 Qc7 6.h3 Nf6 7.Nf3
g6 8.O-O Bf5 9.Re1 e6 10.Bf1 Bxb1 11.Rxb1 O-O-O 12.Bg5 Be7 13.Ne5
Nxe5 14.dxe5 Ne4 15.Bxe7 Qxe7 16.Qd4 Kb8 17.c4 Nc5 18.b4 Ne4
19.c5 Rhf8 20.Bd3 f5 21.exf6 Qxf6 22.Qxf6 Rxf6 23.Bxe4 dxe4 24.Rbd1
Rd5 25.Kf1 Kc7 26.Ke2 Rg5 27.Kf1 Rd5 28.Ke2 1/2-1/2

[Event "Master Open"]
[Site "Voronezh"]
[Date "2017.06.20"]
[Round "8.1"]
[White "Ponkratov, Pavel"]
[Black "Volkov, Sergey"]
[Result "0-1"]
[WhiteElo "2595"]
[BlackElo "2615"]
[Annotator ""]
[Source ""]
[Remark ""]

1.e4 e6 2.d4 d5 3.Nc3 Nf6 4.e5 Nfd7 5.f4 c5 6.Nf3 Nc6 7.Be3 Be7
8.Qd2 O-O 9.O-O-O c4 10.f5 b5 11.Nxb5 Rb8 12.Nd6 Bxd6 13.exd6
Nf6 14.c3 Qa5 15.a3 Ne4 16.Qc2 exf5 17.Ne5 Nxe5 18.dxe5 Bd7 19.Be2
Ba4 20.Rxd5 Qxd5 21.Qxa4 Nxc3 22.Qxc4 Nxe2+ 23.Qxe2 Rfc8+ 24.Kb1
Qe4+ 25.Ka1 f4 0-1

[Event "Master Open"]
[Site "Voronezh"]
[Date "2017.06.20"]
[Round "8.2"]
[White "Lintchevski, Daniil"]
[Black "Chigaev, Maksim"]
[Result "1/2-1/2"]
[WhiteElo "2532"]
[BlackElo "2561"]
[Annotator ""]
[Source ""]
[Remark ""]

1.Nf3 Nf6 2.c4 b6 3.d4 Bb7 4.g3 g6 5.Bg2 Bg7 6.O-O O-O 7.d5 Ne4
8.Nfd2 Nd6 9.e4 Na6 10.Nc3 Nc5 11.Qc2 c6 12.dxc6 Bxc6 13.Re1
Rc8 14.Rb1 b5 15.b4 Ne6 16.c5 Nb7 17.e5 Bxg2 18.Kxg2 a5 19.a3
axb4 20.axb4 d6 21.Nxb5 dxc5 22.Na7 Ra8 23.Nc6 Qd7 24.b5 Na5
25.Nxa5 Rxa5 26.b6 Rb8 27.Nc4 Ra4 28.Qe4 Nd4 29.Bf4 Qe6 30.Ne3
Rxb6 31.Rxb6 Qxb6 32.Rb1 Qd8 33.Qd5 Ra8 34.Qxc5 Ne6 35.Qc6 g5
36.Bxg5 Nxg5 37.Nf5 e6 38.Ne7+ Kh8 39.h4 Bf8 40.Rb7 Bxe7 41.Rxe7
Rc8 42.Rd7 Qe8 43.Qb7 Rb8 1/2-1/2

[Event "Master Open"]
[Site "Voronezh"]
[Date "2017.06.20"]
[Round "8.3"]
[White "Shaposhnikov, Evgeny"]
[Black "Maiorov, Nikita"]
[Result "1/2-1/2"]
[WhiteElo "2557"]
[BlackElo "2521"]
[Annotator ""]
[Source ""]
[Remark ""]

1.Nf3 Nf6 2.d4 e6 3.c4 b6 4.e3 Bb7 5.Bd3 Be7 6.O-O O-O 7.Nc3
d5 8.b3 Nbd7 9.Bb2 c5 10.Rc1 Re8 11.cxd5 exd5 12.Qe2 a6 13.Bf5
cxd4 14.Nxd4 b5 15.a4 b4 16.Nb1 Nc5 17.Nd2 g6 18.Bd3 Rc8 19.Rc2
Nxd3 20.Rxc8 Qxc8 21.Qxd3 Qd7 22.N4f3 Rc8 23.Qd4 Qd6 24.h3 Qc5
25.Qe5 Qc7 26.Qd4 Qc5 27.Qe5 Qc7 28.Qd4 Ra8 1/2-1/2

[Event "Master Open"]
[Site "Voronezh"]
[Date "2017.06.20"]
[Round "8.4"]
[White "Tran, Tuan Minh"]
[Black "Pridorozhni, Aleksei"]
[Result "1/2-1/2"]
[WhiteElo "2541"]
[BlackElo "2540"]
[Annotator ""]
[Source ""]
[Remark ""]

1.d4 d5 2.c4 e6 3.Nc3 c6 4.e3 Nf6 5.Bd3 dxc4 6.Bxc4 b5 7.Bd3
Bb7 8.Nf3 a6 9.e4 b4 10.Na4 Nbd7 11.O-O c5 12.e5 Nd5 13.Qe2 cxd4
14.Nxd4 Be7 15.Re1 g6 16.Bh6 Bg5 17.Bxg5 Qxg5 18.Nf3 Qh6 19.Rac1
O-O 20.Qd2 Qxd2 21.Nxd2 N5b6 22.Nxb6 Nxb6 23.Be4 Bd5 24.Bxd5
Nxd5 25.g3 a5 26.Rc5 a4 27.Ne4 a3 28.b3 Rfc8 29.Rec1 Rxc5 30.Rxc5
Rd8 31.Nf6+ Nxf6 32.exf6 h6 33.Rb5 g5 34.Rxb4 Rd2 35.h4 gxh4
36.Rxh4 Rxa2 37.Rg4+ Kh8 38.Kg2 Rb2 39.Rb4 Kh7 40.Rb8 e5 41.Kf3
Kg6 42.b4 Kf5 43.Ra8 a2 44.b5 Kxf6 45.b6 h5 46.b7 Rxb7 47.Rxa2
Rb4 48.Ra6+ Kg7 49.Kg2 h4 50.f4 Rb2+ 51.Kh3 hxg3 52.fxe5 g2 53.Kh2
Re2 54.Rb6 Kf8 55.Rb7 Kg7 56.Rb6 Rxe5 57.Kxg2 Re3 58.Kf2 Ra3
59.Kg2 f6 60.Kf2 Kg6 61.Rb5 f5 62.Kg2 Kg5 63.Rb4 Re3 64.Kf2 Re4
65.Rxe4 fxe4 66.Ke3 Kf5 67.Kf2 Kf4 68.Ke2 e3 69.Ke1 Kf3 70.Kf1
e2+ 71.Ke1 Kg2 1/2-1/2

[Event "Master Open"]
[Site "Voronezh"]
[Date "2017.06.20"]
[Round "8.5"]
[White "Tsydypov, Zhamsaran"]
[Black "Grachev, Boris"]
[Result "0-1"]
[WhiteElo "2511"]
[BlackElo "2648"]
[Annotator ""]
[Source ""]
[Remark ""]

1.e4 c5 2.Nf3 e6 3.d4 cxd4 4.Nxd4 Nc6 5.Nc3 a6 6.Bf4 d6 7.Nxc6
bxc6 8.Qd3 e5 9.Bg3 Ne7 10.h4 h5 11.f4 exf4 12.Bxf4 Ng6 13.Bg5
f6 14.Bd2 Ne5 15.Qg3 Bg4 16.Be2 Qd7 17.O-O-O Be7 18.Bf4 O-O 19.Bxg4
Qxg4 20.Qxg4 hxg4 21.Ne2 Rfe8 22.Nd4 Bf8 23.h5 Nd7 24.Nxc6 Rac8
25.Nd4 Rxe4 26.g3 Ne5 27.Nf5 Re2 28.Rd2 Rxd2 29.Kxd2 Kf7 30.c3
Nf3+ 31.Kc2 Ke6 32.Ne3 f5 33.Rd1 Be7 34.Rd5 Rc5 35.Rd1 Rc6 36.Nd5
Bg5 37.Nb4 Bxf4 38.Nxc6 Bxg3 39.Nd4+ Nxd4+ 40.cxd4 Bf2 41.Kd3
Kd5 42.Ke2 Bxd4 43.Kf1 f4 44.Kg2 Ke4 45.b4 Be5 46.a4 f3+ 47.Kf1
g3 48.b5 axb5 49.axb5 Bf4 0-1

[Event "Master Open"]
[Site "Voronezh"]
[Date "2017.06.20"]
[Round "8.6"]
[White "Iljiushenok, Ilia"]
[Black "Kryakvin, Dmitry"]
[Result "1-0"]
[WhiteElo "2496"]
[BlackElo "2572"]
[Annotator ""]
[Source ""]
[Remark ""]

1.e4 c6 2.d4 d5 3.e5 Bf5 4.h4 h5 5.Bd3 Bxd3 6.Qxd3 e6 7.Bg5 Be7
8.Nf3 Nh6 9.Nc3 Nf5 10.Ne2 c5 11.dxc5 Na6 12.O-O O-O 13.Ned4
Bxg5 14.Nxg5 Nxc5 15.Qf3 g6 16.Nxf5 exf5 17.Rad1 Ne4 18.c4 Nxg5
19.hxg5 Qc7 20.cxd5 Qxe5 21.d6 Rad8 22.Rfe1 Qxb2 23.Qd5 b5 24.Re7
a5 25.d7 Kg7 26.Rde1 h4 27.Qd6 Qb4 28.Qf6+ Kg8 29.R1e3 Qc5 30.Rxf7
Rxf7 31.Qxd8+ Rf8 32.Qxf8+ 1-0

[Event "Master Open"]
[Site "Voronezh"]
[Date "2017.06.20"]
[Round "8.7"]
[White "Golubov, Saveliy"]
[Black "Shyam, Sundar M."]
[Result "1/2-1/2"]
[WhiteElo "2504"]
[BlackElo "2535"]
[Annotator ""]
[Source ""]
[Remark ""]

1.d4 Nf6 2.c4 e6 3.Nf3 d5 4.Nc3 Nbd7 5.a3 c6 6.cxd5 exd5 7.Bg5
Be7 8.Qc2 Nf8 9.e3 Ne6 10.Bh4 g6 11.Bd3 Ng7 12.O-O Bf5 13.Rae1
O-O 14.Ne5 Nd7 15.Bxe7 Qxe7 16.Bxf5 Nxf5 17.Nf3 Rfe8 18.e4 dxe4
19.Nxe4 Qf8 20.Qb3 Rab8 21.Qa4 Re7 22.Ne5 Qd8 23.Nxd7 Rxd7 24.Qxa7
Kg7 25.Qc5 Rd5 26.Qc3 Qc7 27.Nd2 Rbd8 28.Nf3 Nxd4 29.Re4 c5 30.Nxd4
Rxd4 31.Rxd4 Rxd4 32.b4 b6 33.bxc5 bxc5 34.Rc1 Qe5 35.g3 Rd1+
36.Kg2 Qxc3 37.Rxc3 Ra1 38.Rxc5 Rxa3 39.h4 h5 40.Rb5 1/2-1/2

[Event "Master Open"]
[Site "Voronezh"]
[Date "2017.06.20"]
[Round "8.8"]
[White "Paravyan, David"]
[Black "Nihal, Sarin"]
[Result "1/2-1/2"]
[WhiteElo "2521"]
[BlackElo "2454"]
[Annotator ""]
[Source ""]
[Remark ""]

1.d4 d5 2.c4 e6 3.Nc3 c6 4.e3 Nf6 5.Qc2 Nbd7 6.Bd2 Bd6 7.cxd5
exd5 8.Bd3 O-O 9.Nge2 Re8 10.O-O a6 11.Rad1 g6 12.Nf4 Nf8 13.f3
Ne6 14.Nxe6 Bxe6 15.e4 dxe4 16.fxe4 Bb4 17.Kh1 Bg4 18.Rde1 Qxd4
19.Be3 Qe5 20.Bf4 Qd4 21.e5 Rad8 22.Be4 Nh5 23.Be3 Qxe5 24.Qb3
Qe7 25.Bb6 Be6 26.Bxd8 Rxd8 27.Qc2 Qh4 28.Qf2 Qxf2 29.Rxf2 Kg7
30.Bc2 Nf6 31.Bb3 Bxb3 32.axb3 Rd7 33.Rd1 Rxd1+ 34.Nxd1 Nd5 35.Re2
Nc7 36.Re4 a5 37.Ne3 Ne6 38.Nc2 Bc5 39.Ra4 b6 40.g4 Kf6 41.Kg2
h6 42.Re4 Ke7 43.b4 axb4 44.Nxb4 Kd6 45.Nc2 Kd5 46.Re1 Kc4 47.Rf1
Kb3 48.Ne1 Bd4 49.Rxf7 Bxb2 50.Kf1 Bc3 51.Nd3 Kc2 52.Ke2 b5 53.Rb7
Bd2 54.Rd7 Nf4+ 55.Nxf4 Bxf4 56.h4 Be5 57.Rb7 Bc3 58.Rb6 b4 59.Rxc6
b3 60.Rxg6 b2 61.Rb6 b1Q 62.Rxb1 Kxb1 1/2-1/2

[Event "Master Open"]
[Site "Voronezh"]
[Date "2017.06.20"]
[Round "8.9"]
[White "Grishchenko, Sergey"]
[Black "Savchenko, Boris"]
[Result "1/2-1/2"]
[WhiteElo "2447"]
[BlackElo "2639"]
[Annotator ""]
[Source ""]
[Remark ""]

1.d4 Nf6 2.c4 g6 3.Nc3 d5 4.Bf4 Bg7 5.Nf3 O-O 6.Rc1 dxc4 7.e4
Bg4 8.Bxc4 Nh5 9.Be3 Bxf3 10.gxf3 e5 11.dxe5 Bxe5 12.Qxd8 Rxd8
13.O-O Nc6 14.Ne2 Bxb2 15.Rb1 Ne5 16.Rxb2 Nxc4 17.Rxb7 Nxe3 18.fxe3
Rd2 19.Nc3 c6 20.Rc7 Rb8 21.Rf2 Rd3 22.Rxc6 Rxe3 23.Nd5 Re1+
24.Kg2 Rbb1 25.Rd2 Rh1 26.Nf6+ Nxf6 27.Rxf6 Rbg1+ 28.Kh3 Kg7
29.e5 Rd1 30.Rxd1 Rxd1 31.Ra6 Rd5 32.f4 Rd3+ 33.Kg2 Rd2+ 34.Kg3
Rd3+ 35.Kf2 Rd2+ 36.Kg1 Rd1+ 37.Kf2 Rd2+ 38.Kg3 Rd3+ 39.Kf2 Rd2+
40.Ke3 Rxh2 41.Rxa7 Kg8 42.a4 h5 43.Ke4 1/2-1/2